[Event "XXI Moglianoscacchi Magistrale"]
[Site "Mogliano Veneto ITA"]
[Date "2000.04.30"]
[Round "4"]
[White "Lorusso, Giuseppe"]
[Black "Alberton, Roberto"]
[Result "0-1"]
[WhiteElo "1792"]
[BlackElo "2138"]
[PlyCount "28"]
[EventDate "2000.04.29"]

1. d4 Nf6 2. c4 e6 3. Nc3 Bb4 4. Qc2 Nc6 5. Nf3 d6 6. Bg5 h6 7. Bh4 g5 8. Bg3
g4 9. d5 exd5 10. cxd5 Nxd5 11. Nd2 Be6 12. Nxd5 Bxd5 13. a3 Ba5 14. e3 Qf6 0-1

[Event "XXI Moglianoscacchi Magistrale"]
[Site "Mogliano Veneto ITA"]
[Date "2000.04.30"]
[Round "4"]
[White "Renier, Renzo"]
[Black "Ciampi, Vincenzo"]
[Result "0-1"]
[WhiteElo "1917"]
[BlackElo "2146"]
[PlyCount "68"]
[EventDate "2000.04.29"]

1. e4 c5 2. Nf3 e6 3. d4 cxd4 4. Nxd4 Nf6 5. Nc3 d6 6. Bc4 Be7 7. Be3 O-O 8.
Bb3 Na6 9. Qe2 Nc5 10. f3 a6 11. O-O-O Qc7 12. g4 Nfd7 13. Rhg1 b5 14. g5 Nb6
15. f4 b4 16. f5 bxc3 17. f6 cxb2+ 18. Kb1 Nba4 19. Bxa4 Nxa4 20. Bd2 Bb7 21.
Qg4 Nc5 22. Rde1 Rfc8 23. Rg3 Bf8 24. Rh3 g6 25. Ree3 Nxe4 26. Rxh7 Nxd2+ 27.
Kxb2 Bf3 28. Qh3 Bh5 29. Rxh5 gxh5 30. Kc1 Qc4 31. Qxh5 Qxd4 32. g6 Rxc2+ 33.
Kxc2 Rc8+ 34. Kd1 Nc4+ 0-1

[Event "XXI Moglianoscacchi Magistrale"]
[Site "Mogliano Veneto ITA"]
[Date "2000.04.30"]
[Round "4"]
[White "Scalcione, Michelangelo"]
[Black "Vujovic, Milorad"]
[Result "1-0"]
[WhiteElo "2183"]
[BlackElo "2316"]
[PlyCount "93"]
[EventDate "2000.04.29"]

1. Nf3 d5 2. d4 Bf5 3. c4 e6 4. Nc3 c6 5. Qb3 Qb6 6. c5 Qxb3 7. axb3 Na6 8. Bf4
f6 9. e4 dxe4 10. Bxa6 bxa6 11. Nd2 e5 12. dxe5 Bxc5 13. Rxa6 Ne7 14. exf6 gxf6
15. Ndxe4 Bxe4 16. Nxe4 Bb4+ 17. Bd2 Bxd2+ 18. Kxd2 Kf7 19. Rha1 Rad8+ 20. Kc2
Rd7 21. Nc5 Rd5 22. Nb7 Nf5 23. Rxa7 Nd4+ 24. Kb1 Rb8 25. b4 Kg6 26. Nc5 Nb5
27. Ra8 Rxa8 28. Rxa8 Rd2 29. Rc8 Rxf2 30. Rxc6 Rxg2 31. Ne4 Rg1+ 32. Ka2 Rf1
33. Rc5 Rf5 34. Kb3 Re5 35. Rxe5 fxe5 36. Kc4 Nc7 37. Ng3 Kg5 38. b5 h5 39. b6
Na6 40. Kd5 h4 41. Kxe5 Kg4 42. Nf5 h3 43. Nd4 Nb8 44. b7 Kg5 45. b4 Kg4 46. b5
Nd7+ 47. Kd6 1-0

[Event "XXI Moglianoscacchi Magistrale"]
[Site "Mogliano Veneto ITA"]
[Date "2000.04.30"]
[Round "4"]
[White "Solinas, Carlo"]
[Black "Danieli, Enrico"]
[Result "1-0"]
[WhiteElo "2050"]
[BlackElo "2055"]
[PlyCount "61"]
[EventDate "2000.04.29"]

1. e4 c6 2. Nc3 d5 3. Qf3 dxe4 4. Nxe4 Nf6 5. Bc4 e6 6. Ne2 Nbd7 7. d4 Nxe4 8.
Qxe4 Nf6 9. Qf3 Be7 10. O-O O-O 11. c3 Qd7 12. Bf4 b6 13. Qh3 Bb7 14. Rad1 Rfd8
15. Bd3 g6 16. Ng3 Rac8 17. Rfe1 Nd5 18. Bc1 c5 19. dxc5 Rxc5 20. Ne4 Rc7 21.
Bc2 Qc6 22. Bg5 Qe8 23. Qh4 Bxg5 24. Nxg5 h5 25. Ne4 Kg7 26. b3 f5 27. Ng5 e5
28. c4 Nf4 29. Rxd8 Qxd8 30. Qxf4 exf4 31. Ne6+ 1-0

[Event "XXI Moglianoscacchi Magistrale"]
[Site "Mogliano Veneto ITA"]
[Date "2000.04.30"]
[Round "4"]
[White "Suchan, Rafal"]
[Black "Doric, Nenad"]
[Result "1/2-1/2"]
[WhiteElo "2306"]
[BlackElo "2294"]
[PlyCount "59"]
[EventDate "2000.04.29"]

1. e4 d5 2. exd5 Qxd5 3. Nc3 Qa5 4. d4 c6 5. Nf3 Nf6 6. Bc4 Bf5 7. Bd2 e6 8.
Qe2 Bb4 9. Ne5 Nbd7 10. Nxd7 Nxd7 11. a3 Nf6 12. O-O Bxc3 13. Bxc3 Qc7 14. f3
O-O 15. Be1 b5 16. Bb3 a5 17. Bg3 Qb6 18. Bf2 Nd5 19. c3 a4 20. Ba2 Rfc8 21.
Rad1 Qd8 22. Rfe1 Qg5 23. Bg3 h5 24. Qf2 Qg6 25. Be5 Ra7 26. Qh4 Nb6 27. Bf4
Rd7 28. h3 Nc4 29. Bxc4 bxc4 30. Qg3 1/2-1/2

[Event "XXI Moglianoscacchi Magistrale"]
[Site "Mogliano Veneto ITA"]
[Date "2000.05.01"]
[Round "5"]
[White "Alberton, Roberto"]
[Black "Suchan, Rafal"]
[Result "1-0"]
[WhiteElo "2138"]
[BlackElo "2306"]
[PlyCount "44"]
[EventDate "2000.04.29"]

1. e4 c5 2. Nf3 e6 3. d4 cxd4 4. Nxd4 Nf6 5. Nc3 d6 6. g4 e5 7. Bb5+ Bd7 8.
Bxd7+ Qxd7 9. Nf5 h5 10. gxh5 Nxh5 11. Bh6 Nc6 12. Qxh5 g6 13. Qg5 gxf5 14.
Bxf8 Nd4 15. O-O-O Ne6 16. Qf6 Rxf8 17. exf5 Nc5 18. b4 Rc8 19. bxc5 Rxc5 20.
Ne4 Rxc2+ 21. Kxc2 Qa4+ 22. Kb2 Qxe4 1-0

[Event "XXI Moglianoscacchi Magistrale"]
[Site "Mogliano Veneto ITA"]
[Date "2000.05.01"]
[Round "5"]
[White "Colovic, Aleksandar"]
[Black "Drazic, Sinisa"]
[Result "1/2-1/2"]
[WhiteElo "2414"]
[BlackElo "2483"]
[PlyCount "24"]
[EventDate "2000.04.29"]

1. e4 d5 2. exd5 Qxd5 3. Nc3 Qd6 4. d4 Nf6 5. Bg5 a6 6. Qd2 Bf5 7. O-O-O Nc6 8.
Bc4 O-O-O 9. Nf3 Bg6 10. Rhe1 Qb4 11. Bb3 h6 12. Bf4 e6 1/2-1/2

[Event "XXI Moglianoscacchi Magistrale"]
[Site "Mogliano Veneto ITA"]
[Date "2000.05.01"]
[Round "5"]
[White "Danieli, Enrico"]
[Black "Ventura, Boris"]
[Result "1/2-1/2"]
[WhiteElo "2055"]
[BlackElo "2131"]
[PlyCount "66"]
[EventDate "2000.04.29"]

1. Nf3 Nf6 2. d4 d6 3. e3 g6 4. Be2 Bg7 5. O-O O-O 6. c3 c6 7. b4 a5 8. a4 Ne4
9. Nfd2 Nxd2 10. Nxd2 e5 11. bxa5 Qxa5 12. Nc4 Qc7 13. Ba3 Rd8 14. Qb3 Be6 15.
Rfb1 Bxc4 16. Bxc4 d5 17. Be2 Rd7 18. Bc5 Na6 19. Bb6 Qd6 20. a5 exd4 21. cxd4
Bf8 22. Ra4 Qe6 23. Bxa6 Rxa6 24. Qc2 Bd6 25. Bc5 Bxc5 26. dxc5 Qe7 27. Rb6 d4
28. Rb3 d3 29. Rxd3 Rxd3 30. Qxd3 Qxc5 31. Qd8+ Kg7 32. h4 b5 33. Rf4 Qe5
1/2-1/2

[Event "XXI Moglianoscacchi Magistrale"]
[Site "Mogliano Veneto ITA"]
[Date "2000.05.01"]
[Round "5"]
[White "Doric, Nenad"]
[Black "Del Monaco, Andrea"]
[Result "1-0"]
[WhiteElo "2294"]
[BlackElo "2093"]
[PlyCount "85"]
[EventDate "2000.04.29"]

1. e4 c5 2. Nf3 Nc6 3. c3 Nf6 4. e5 Nd5 5. Bc4 Nb6 6. Bb3 c4 7. Bc2 d6 8. Qe2
Bg4 9. exd6 Qxd6 10. Na3 Qe6 11. b3 cxb3 12. axb3 Qxe2+ 13. Kxe2 O-O-O 14. h3
Bd7 15. Ng5 Ne5 16. Nxh7 Rxh7 17. Bxh7 g6 18. h4 Nd5 19. d4 Nxc3+ 20. Kf1 Bg4
21. Bb2 Nd1 22. dxe5 Nxb2 23. h5 Bxh5 24. Bg8 e6 25. Bxf7 Bxa3 26. Bxe6+ Kc7
27. g4 Bc5 28. Ke2 Nd3 29. gxh5 gxh5 30. Bc4 Nxe5 31. Rxh5 Rf8 32. Rxe5 Bd4 33.
Re7+ Kd8 34. Rd1 Rxf2+ 35. Kd3 Kxe7 36. Kxd4 Rf6 37. Rh1 Kd6 38. Rh7 Kc6 39.
Bd5+ Kb6 40. Rxb7+ Ka6 41. Rb8 Rf5 42. Kc5 Re5 43. Rb4 1-0

[Event "XXI Moglianoscacchi Magistrale"]
[Site "Mogliano Veneto ITA"]
[Date "2000.05.01"]
[Round "5"]
[White "Gallo, Enrico"]
[Black "Solinas, Carlo"]
[Result "1/2-1/2"]
[WhiteElo "2161"]
[BlackElo "2050"]
[PlyCount "117"]
[EventDate "2000.04.29"]

1. Nf3 f5 2. e4 fxe4 3. Ng5 d5 4. d3 Qd6 5. Nc3 Nf6 6. dxe4 h6 7. Nb5 Qd8 8. e5
hxg5 9. exf6 gxf6 10. Qxd5 c6 11. Qe4 Rh6 12. Nd4 Qd5 13. Bd3 Qxe4+ 14. Bxe4 e6
15. Bd2 Na6 16. O-O-O Bd7 17. f4 f5 18. Bd3 g4 19. Bxa6 bxa6 20. Nb3 c5 21. c4
Bc6 22. Rdg1 Rc8 23. h4 Be7 24. Be1 Be4 25. Rh2 Bd3 26. Na5 Bd8 27. b3 Bf6 28.
Bf2 Bc3 29. Nb7 Rc6 30. Nxc5 g3 31. Nxd3 gxh2 32. Rh1 Rd6 33. Kc2 Bd4 34. Bxd4
Rxd4 35. Rxh2 Re4 36. Kd2 Rh7 37. Rh3 Rd7 38. Re3 Rxf4 39. Rxe6+ Kf8 40. Re5
Kg7 41. g3 Rfd4 42. Re3 f4 43. gxf4 Rxf4 44. Rh3 Rf2+ 45. Kc3 Rxa2 46. Nb4 Ra1
47. Nd5 a5 48. h5 Rd6 49. Kd4 a4 50. Kc5 Re6 51. Nc7 Rh6 52. bxa4 Rxa4 53. Kd5
Ra1 54. Ne6+ Kf7 55. Nd4 a5 56. c5 a4 57. c6 a3 58. c7 Rc1 59. Rxa3 1/2-1/2

[Event "XXI Moglianoscacchi Magistrale"]
[Site "Mogliano Veneto ITA"]
[Date "2000.05.01"]
[Round "5"]
[White "Jacimovic, Dragoljub"]
[Black "Caruso, Augusto"]
[Result "1-0"]
[WhiteElo "2474"]
[BlackElo "2260"]
[PlyCount "82"]
[EventDate "2000.04.29"]

1. d4 e6 2. c4 f5 3. Nc3 Nf6 4. f3 Bb4 5. a3 Bxc3+ 6. bxc3 O-O 7. e3 d6 8. Nh3
e5 9. Nf2 Be6 10. Rb1 Nbd7 11. Be2 Rb8 12. O-O Kh8 13. e4 fxe4 14. fxe4 Qe8 15.
Be3 Nb6 16. c5 dxc5 17. d5 Bd7 18. Bxc5 Rf7 19. Qd2 Nc8 20. c4 b6 21. Be3 Nd6
22. Qd3 Rd8 23. c5 Nc8 24. Qc3 Qe7 25. Rfc1 Be8 26. h3 Nd7 27. Nd3 Rf8 28. Bg4
Nf6 29. Bf3 Bg6 30. Nxe5 Nxe4 31. Qd4 Nxc5 32. Nc6 Qd6 33. Nxd8 Bxb1 34. Ne6
Nxe6 35. dxe6 Bf5 36. Qxd6 cxd6 37. Rc7 Bxe6 38. Bd4 Rg8 39. Bb7 h6 40. h4 Bf5
41. Bd5 Rf8 1-0

[Event "XXI Moglianoscacchi Magistrale"]
[Site "Mogliano Veneto ITA"]
[Date "2000.05.01"]
[Round "5"]
[White "Pastres, Roberto"]
[Black "Vujovic, Milorad"]
[Result "0-1"]
[WhiteElo "2212"]
[BlackElo "2316"]
[PlyCount "105"]
[EventDate "2000.04.29"]

1. Nf3 b5 2. d4 Bb7 3. Bf4 d6 4. e3 a6 5. Bd3 Nd7 6. O-O g6 7. c3 Bg7 8. Nbd2
e5 9. Bg5 Ngf6 10. Ne1 h6 11. Bh4 Qe7 12. Nc2 O-O 13. a4 c6 14. f4 exd4 15.
exd4 Nb6 16. axb5 axb5 17. Ne4 Rxa1 18. Qxa1 Ra8 19. Qb1 Nbd5 20. Nxf6+ Nxf6
21. Re1 Qc7 22. Ne3 b4 23. Bxf6 Bxf6 24. Ng4 Bg7 25. f5 Qd7 26. h3 h5 27. Nf2
g5 28. Qd1 c5 29. f6 Bxf6 30. Qxh5 cxd4 31. Ng4 Bg7 32. Qxg5 Qd8 33. Re7 Kf8
34. Rxf7+ Kxf7 35. Qg6+ Kf8 36. Qf5+ Ke7 37. Qg5+ Kd7 38. Qxg7+ Kc8 39. Qxd4
bxc3 40. Qxc3+ Kb8 41. Qd4 Qc7 42. Nf6 Ra1+ 43. Kf2 Rd1 44. Ne4 Bxe4 45. Qxe4
Rd2+ 46. Kf3 Rxb2 47. Qe8+ Qc8 48. Qxc8+ Kxc8 49. Bf5+ Kd8 50. h4 Ke7 51. g4
Kf6 52. Kf4 Rb4+ 53. Ke3 0-1

[Event "XXI Moglianoscacchi Magistrale"]
[Site "Mogliano Veneto ITA"]
[Date "2000.05.01"]
[Round "5"]
[White "Scalcione, Michelangelo"]
[Black "Mufic, Goran"]
[Result "0-1"]
[WhiteElo "2183"]
[BlackElo "2372"]
[PlyCount "32"]
[EventDate "2000.04.29"]

1. Nf3 d5 2. d4 Bf5 3. c4 e6 4. Nc3 c6 5. Qb3 Qb6 6. c5 Qc7 7. Bf4 Qc8 8. e3 h6
9. Be2 Nf6 10. h3 Nbd7 11. Qd1 Be7 12. b4 O-O 13. b5 Bd8 14. bxc6 bxc6 15. Qa4
Bc7 16. Qxc6 Ba5 0-1

[Event "XXI Moglianoscacchi Magistrale"]
[Site "Mogliano Veneto ITA"]
[Date "2000.05.01"]
[Round "6"]
[White "Caruso, Augusto"]
[Black "Scalcione, Michelangelo"]
[Result "1-0"]
[WhiteElo "2260"]
[BlackElo "2183"]
[PlyCount "99"]
[EventDate "2000.04.29"]

1. e4 e5 2. Bc4 Nf6 3. d3 Bc5 4. Nc3 c6 5. Qe2 b5 6. Bb3 a5 7. a4 b4 8. Nd1 O-O
9. f4 exf4 10. Bxf4 d5 11. e5 Bg4 12. Nf3 Re8 13. Nf2 Bxf3 14. Qxf3 Nbd7 15.
O-O-O Bxf2 16. exf6 Bd4 17. fxg7 Qf6 18. Rhf1 Bxb2+ 19. Kb1 Ba1 20. Bc1 Qxf3
21. Rxf3 Bxg7 22. Rdf1 Ne5 23. Rg3 Ng6 24. Bb2 Re2 25. h4 h5 26. Rf5 Rae8 27.
Rxh5 Re1+ 28. Ka2 Rh1 29. Rhg5 Ree1 30. d4 Rxh4 31. Rd3 Nf4 32. Rd2 Ne6 33. Rg3
Kf8 34. c3 bxc3 35. Bxc3 Bxd4 36. Rxd4 Rxd4 37. Bxe1 c5 38. Bxa5 c4 39. Bc2 Ke7
40. Bb4+ Kd7 41. Rf3 Rf4 42. Bf5 Rxf3 43. gxf3 Kc6 44. Bxe6 fxe6 45. Bc3 Kc5
46. a5 Kb5 47. f4 d4 48. Bxd4 Kxa5 49. Kb2 Kb4 50. Kc2 1-0

[Event "XXI Moglianoscacchi Magistrale"]
[Site "Mogliano Veneto ITA"]
[Date "2000.05.01"]
[Round "6"]
[White "Ciampi, Vincenzo"]
[Black "Alberton, Roberto"]
[Result "0-1"]
[WhiteElo "2146"]
[BlackElo "2138"]
[PlyCount "74"]
[EventDate "2000.04.29"]

1. d4 f5 2. g3 Nf6 3. Bg2 g6 4. Nf3 Bg7 5. b4 O-O 6. O-O d6 7. Nbd2 c5 8. bxc5
dxc5 9. c3 Nc6 10. e3 cxd4 11. cxd4 Be6 12. Ng5 Bd5 13. f3 h6 14. Nh3 Bf7 15.
Nb3 e5 16. dxe5 Nxe5 17. Nd4 Nc4 18. Rb1 Qd7 19. Qe2 Rfe8 20. Qf2 Nd5 21. Nc2
b6 22. Rd1 Qa4 23. Rxd5 Bxd5 24. Nf4 Bf7 25. h4 Qxa2 26. Rb4 Rad8 27. Qe2 a5
28. Rb5 g5 29. hxg5 hxg5 30. Nh3 Nxe3 31. Bxe3 Bc4 32. Qf2 Bxb5 33. Nxg5 Rc8
34. f4 Rxc2 35. Bd5+ Qxd5 36. Qxc2 Rxe3 37. Qc8+ Re8 0-1

[Event "XXI Moglianoscacchi Magistrale"]
[Site "Mogliano Veneto ITA"]
[Date "2000.05.01"]
[Round "6"]
[White "Drazic, Sinisa"]
[Black "Mufic, Goran"]
[Result "1-0"]
[WhiteElo "2483"]
[BlackElo "2372"]
[PlyCount "69"]
[EventDate "2000.04.29"]

1. c4 c6 2. e4 d5 3. exd5 cxd5 4. d4 Nf6 5. Nc3 e6 6. Nf3 Bb4 7. Bd3 dxc4 8.
Bxc4 Nc6 9. O-O O-O 10. Bg5 Be7 11. Rc1 a6 12. Bb3 Qd6 13. Qe2 Bd7 14. Rfd1
Rad8 15. d5 Nxd5 16. Nxd5 exd5 17. Rxd5 Qe6 18. Qd2 Bxg5 19. Nxg5 Qe7 20. Re1
Be6 21. Nxe6 Rfe8 22. Re3 Rxd5 23. Qxd5 fxe6 24. Rxe6 Qxe6 25. Qd7 Kh8 26. Bxe6
Rd8 27. Qxd8+ Nxd8 28. Bd5 g5 29. f4 gxf4 30. Kf2 Kg7 31. Kf3 Kf6 32. Kxf4 b6
33. g4 a5 34. a4 Kg6 35. h4 1-0

[Event "XXI Moglianoscacchi Magistrale"]
[Site "Mogliano Veneto ITA"]
[Date "2000.05.01"]
[Round "6"]
[White "Gallo, Enrico"]
[Black "Pastres, Roberto"]
[Result "0-1"]
[WhiteElo "2161"]
[BlackElo "2212"]
[PlyCount "142"]
[EventDate "2000.04.29"]

1. e4 c5 2. Nf3 e6 3. d4 cxd4 4. Nxd4 a6 5. Nc3 b5 6. Bd3 Bb7 7. O-O Qc7 8. Kh1
b4 9. Na4 e5 10. Nf5 g6 11. Ng3 h5 12. h3 h4 13. Ne2 Nf6 14. c4 Nxe4 15. Bxe4
Bxe4 16. Be3 f5 17. f3 Bc6 18. Nb6 f4 19. Nxa8 Bxa8 20. Nxf4 exf4 21. Qd4 fxe3
22. Qxh8 Qf4 23. Rad1 Nc6 24. Rd5 Qxc4 25. Rfd1 e2 26. Re5+ Nxe5 27. Qxe5+ Qe6
28. Qxe6+ dxe6 29. Re1 Bd5 30. b3 Bd6 31. Rxe2 Kd7 32. Rc2 g5 33. Kg1 Be5 34.
Kf1 Bc3 35. Ke2 Kd6 36. Ke3 Kc5 37. Kd3 a5 38. Rf2 Kb5 39. f4 gxf4 40. Rxf4
Bxg2 41. Rxh4 a4 42. Rh5+ Bd5 43. Rg5 axb3 44. axb3 Kc6 45. Kc2 Kd6 46. h4 Ke7
47. h5 Kf6 48. Rg3 Be4+ 49. Kc1 Be5 50. Rg1 Bf4+ 51. Kb2 e5 52. Rg8 Bd2 53. Rg3
Bf5 54. Rg2 Bf4 55. Rg8 e4 56. Rf8+ Ke6 57. Re8+ Kf7 58. Ra8 Bd2 59. Kc2 e3+
60. Kd1 Bg4+ 61. Kc2 Bxh5 62. Kd3 Bg6+ 63. Ke2 Bc2 64. Rb8 Bxb3 65. Rxb4 Bxb4
66. Kxe3 Ke6 67. Kd4 Bd5 68. Ke3 Ke5 69. Kd3 Bc5 70. Kc3 Ke4 71. Kd2 Bd4 0-1

[Event "XXI Moglianoscacchi Magistrale"]
[Site "Mogliano Veneto ITA"]
[Date "2000.05.01"]
[Round "6"]
[White "Jacimovic, Dragoljub"]
[Black "Colovic, Aleksandar"]
[Result "1/2-1/2"]
[WhiteElo "2474"]
[BlackElo "2414"]
[PlyCount "27"]
[EventDate "2000.04.29"]

1. d4 Nf6 2. c4 g6 3. Nc3 d5 4. cxd5 Nxd5 5. e4 Nxc3 6. bxc3 Bg7 7. Bc4 b6 8.
Nf3 O-O 9. Be3 Nc6 10. O-O Na5 11. Bd3 c5 12. Rc1 cxd4 13. cxd4 Bg4 14. Be2
1/2-1/2

[Event "XXI Moglianoscacchi Magistrale"]
[Site "Mogliano Veneto ITA"]
[Date "2000.05.01"]
[Round "6"]
[White "Solinas, Carlo"]
[Black "Klundt, Klaus"]
[Result "0-1"]
[WhiteElo "2050"]
[BlackElo "2398"]
[PlyCount "133"]
[EventDate "2000.04.29"]

1. e4 c5 2. d4 cxd4 3. c3 e5 4. Nf3 Nc6 5. Bc4 Qc7 6. Qe2 Nf6 7. O-O Be7 8.
cxd4 d6 9. dxe5 dxe5 10. h3 O-O 11. Nc3 Be6 12. Bxe6 fxe6 13. Qc4 Qc8 14. Be3
Nh5 15. Qe2 Nf4 16. Bxf4 Rxf4 17. Qe3 Qf8 18. Ne2 Rf6 19. Rac1 Bd8 20. Qb3 Bb6
21. Rc3 Qf7 22. Kh2 Rf8 23. Ng5 Qe7 24. Rf3 Qb4 25. Qc2 Rxf3 26. Nxf3 Nd4 27.
Nexd4 exd4 28. Kg1 Qb5 29. a4 Qd7 30. Qb3 Qd6 31. Ng5 Re8 32. Qf3 Qe7 33. Qg4
e5 34. Rc1 h6 35. Nf3 d3 36. Rd1 Rd8 37. Nh4 d2 38. Nf5 Qf6 39. Qe2 g6 40.
Nxh6+ Kg7 41. Ng4 Qd6 42. Qb5 a6 43. Qxe5+ Qxe5 44. Nxe5 Re8 45. Nf3 Rxe4 46.
Rxd2 Rxa4 47. Rd7+ Kf8 48. Kf1 Rb4 49. Rd2 a5 50. Ne5 Bd4 51. Nd3 Rb6 52. Ke2
a4 53. Kd1 Kf7 54. Kc2 Rc6+ 55. Kb1 b5 56. Nf4 Rc4 57. g3 Be5 58. Ng2 b4 59.
Ne3 Re4 60. Re2 b3 61. Re1 Bf6 62. Ng2 Re5 63. Kc1 Rc5+ 64. Kd1 Bxb2 65. Ne3
Rc1+ 66. Kd2 Rxe1 67. Kxe1 0-1